000 00517nam a2200169 i 4500
001 30079
003 ES-MaACL
005 20230906154132.0
007 t|
008 030123s1887 cl ||||1| spa d
100 1 _aBarra, Eduardo de la.
_925804
245 1 0 _aElementos de métrica castellana /
_cpor Eduardo de la Barra.
260 _aSantiago de Chile :
_b[s.n.],
_c1887 (
_fImpr. Cervantes)
300 _a104 p. ;
_c24 cm.
650 4 _aLengua española-
_xVersificación.
_9147950
852 _aES-MaACL
_jT-452-F-11
999 _c30079
_d30079